| 000 | 00383nam a2200145Ia 4500 | ||
|---|---|---|---|
| 008 | 240126s9999 xx 000 0 und d | ||
| 041 | _aEnglish | ||
| 082 | _aLIBRARY-J12 | ||
| 245 | 0 | _aSCMS Journal of Indian Management (1998,99,2004 - | |
| 260 |
_bSCMS _aCochin |
||
| 440 | _aNULL | ||
| 650 | _aManagement | ||
| 650 | _aSCMS,Management,(1998,99,2004,-,Management | ||
| 942 | _cJN | ||
| 999 |
_c282800 _d282800 |
||